Countries of Asia - 15 Second Sprint - Statistics

General Stats
  • This quiz has been taken 85 times
  • The average score is 10 of 48
Answer Stats
Country % Correct
China
79%
India
73%
Iran
64%
Iraq
64%
Japan
58%
Israel
36%
Laos
36%
Syria
36%
Jordan
33%
Nepal
33%
Oman
33%
United Arab Emirates
33%
Yemen
33%
Indonesia
30%
Vietnam
30%
Bhutan
24%
Taiwan
24%
Turkey
24%
Lebanon
21%
Pakistan
21%
Qatar
21%
South Korea
18%
Thailand
18%
Kuwait
15%
Afghanistan
12%
Bahrain
12%
Bangladesh
12%
Brunei
12%
Burma
12%
Georgia
12%
North Korea
12%
Philippines
12%
Saudi Arabia
12%
Cambodia
9%
Kazakhstan
9%
Malaysia
9%
Singapore
9%
Armenia
6%
Cyprus
6%
Mongolia
6%
Sri Lanka
6%
Azerbaijan
3%
East Timor
3%
Maldives
3%
Kyrgyzstan
0%
Tajikistan
0%
Turkmenistan
0%
Uzbekistan
0%
No matching quizzes found
Score Distribution
Percent of People with Each Score
Percentile by Number Answered
Your Score History
You have not taken this quiz